Welcome to the Holygrace Academy Library

Please use search bar below to get started

UNDAUNTED (Record no. 2572)

MARC details
000 -LEADER
fixed length control field 00591nam a22001457a 4500
020 ## - INTERNATIONAL STANDARD BOOK NUMBER
ISBN 978937894990
082 ## - DEWEY DECIMAL CLASSIFICATION NUMBER
Classification number 823
Item number ARO/U
100 ## - MAIN ENTRY--AUTHOR NAME
Personal name ARORA BHAAVNA
245 ## - TITLE STATEMENT
Title UNDAUNTED
260 ## - PUBLICATION, DISTRIBUTION, ETC. (IMPRINT)
Place of publication CHENNAI
Name of publisher WESTLAND PUBLICATIONS
Year of publication 2019
300 ## - PHYSICAL DESCRIPTION
Number of Pages 232
520 ## - SUMMARY, ETC.
Summary, etc In his brief, inspiring life, Ummer joined the army to set an example and galvanise fellow Kashmiris to move beyond the cycle of violence that unrest in the state had forced them into. Deeply researched and told with feeling, Undaunted is the extraordinary story of an extraordinary life.
650 ## - SUBJECT ADDED ENTRY--TOPICAL TERM
Topical Term NOVEL
Geographic subdivision INDIA
942 ## - ADDED ENTRY ELEMENTS (KOHA)
Koha item type Books
Holdings
Withdrawn status Lost status Collection code Home library Current library Shelving location Date acquired Source of acquisition Cost, normal purchase price Full call number Accession Number Koha item type
    Fiction Main Library Main Library SHELF-14A -ALPHABETICAL -A--ENGLISH NOVELS & FICTIONS 28/11/2019 purchase 299.00 823 ARO/U 12128 Books